Statistics for Countries with embassies and consulates in Djibouti

Click here to take the quiz!

General Stats

  • This quiz has been taken 34 times
  • The average score is 14 of 18

Answer Stats

ContinentCountry% Correct
Asia/ EuropeRussia
100%
AsiaChina
96%
Asia/ EuropeTurkey
96%
North AmericaUnited States of America
93%
AfricaEritrea
89%
AfricaEthiopia
89%
EuropeFrance
89%
AfricaSomalia
89%
North AmericaCuba
86%
AfricaEgypt
82%
AsiaYemen
82%
AsiaJapan
79%
AsiaSaudi Arabia
79%
EuropeGermany
75%
AfricaSudan
64%
AfricaLibya
57%
AsiaQatar
50%
AsiaPalestine
21%

Score Distribution

Percentile by Number Answered

Percent of People with Each Score

Your Score History

You have not taken this quiz